Name the First 100 Colleges in America to be Established - Statistics

General Stats
  • This quiz has been taken 31 times
  • The average score is 16 of 100
Answer Stats
Oldest-Youngest School % Correct
1 Harvard
100%
4 Yale
92%
8 Princeton
81%
10 Columbia
77%
11 Brown
73%
13 Dartmouth
65%
12 Rutgers
58%
78 | 86 Cornell
54%
87 MIT
50%
25 Georgetown
46%
2 William and Mary
46%
90 Vanderbilt
42%
94 Stanford
38%
55 Notre Dame
35%
5 University of Pennsylvania
35%
89 Johns Hopkins
27%
45 Tufts
27%
95 Tulane
27%
51 Wake Forest
23%
29 Bowdoin
19%
43 Hamilton
19%
20 | 63 Washington
19%
46 Wesleyan
19%
44 Amherst
15%
37 Colby
15%
52 Davidson
15%
53 Emory
15%
58 Lafayette
15%
21 University of Georgia
15%
40 University of Maryland
15%
26 University of North Carolina
15%
27 University of Vermont
15%
91 Case Western Reserve
12%
42 Middlebury
12%
38 University of Michigan
12%
23 University of Pittsburgh
12%
33 University of South Carolina
12%
30 University of Tennessee
12%
28 Williams
12%
76 Augustana
8%
88 Berkeley
8%
17 CalTech
8%
57 Centre
8%
59 DePauw
8%
16 Dickinson
8%
70 Illinois
8%
84 Luther
8%
81 Monmouth
8%
48 Oberlin
8%
35 Ohio University
8%
47 Trinity
8%
92 University of Chicago
8%
32 University of Louisville
8%
96 University of Minnesota
8%
97 University of Nebraska
8%
56 University of Richmond
8%
98 University of Texas
8%
99 University of Washington
8%
100 University of Wisconsin
8%
64 Wabash
8%
9 Washington and Lee
8%
62 Beloit
4%
75 Carleton
4%
83 Central
4%
93 Clark
4%
73 Coe
4%
14 College of Charleston
4%
50 Denison
4%
60 Franklin
4%
22 Franklin and Marshall
4%
66 Grinnell
4%
41 Hampden-Sydney
4%
49 Kenyon
4%
67 Knox
4%
77 Macalester
4%
80 St. Olaf
4%
18 Transylvania
4%
31 Union
4%
19 Washington and Jefferson
4%
54 Wofford
4%
69 Albion
0%
24 Castleton
0%
79 Gustavus Adolphus
0%
82 Lake Forest
0%
68 Lawrence
0%
74 Lewis and Clark
0%
36 Miami University of Ohio
0%
6 Moravian College
0%
85 Pacific
0%
61 Ripon
0%
39 Saint Louis
0%
15 Salem
0%
3 St. Johns College
0%
34 United States Military Academy
0%
7 University of Deleware
0%
65 University of Rochester
0%
71 University of the South
0%
72 Willamette
0%
No matching quizzes found
Score Distribution
Percent of People with Each Score
Percentile by Number Answered
Your Score History
You have not taken this quiz